Hướng dẫn thực hành nhãn khoa Phương pháp khám và vi phẫu thuật mắt

Gespeichert in:
Bibliographische Detailangaben
1. Verfasser: Võ Quang Nghiêm
Format: Buch
Sprache:Undetermined
Veröffentlicht: Tp. HCM Nxb. Tp. HCM 1988
Schlagworte:
Tags: Tag hinzufügen
Keine Tags, Fügen Sie den ersten Tag hinzu!
Thư viện lưu trữ: Trung tâm Học liệu Trường Đại học Cần Thơ
LEADER 00546nam a2200181Ia 4500
001 CTU_11952
008 210402s9999 xx 000 0 und d
082 |a 617.71 
082 |b Ngh304 
100 |a Võ Quang Nghiêm 
245 0 |a Hướng dẫn thực hành nhãn khoa 
245 0 |b Phương pháp khám và vi phẫu thuật mắt 
245 0 |c Võ Quang Nghiêm 
260 |a Tp. HCM 
260 |b Nxb. Tp. HCM 
260 |c 1988 
650 |a ophthalmology 
980 |a Trung tâm Học liệu Trường Đại học Cần Thơ